000 00350nam a2200145Ia 4500
008 230312s9999||||xx |||||||||||||| ||und||
020 _a0-471-40593-0
082 _a005.133
_bASB-D
100 _aCashman;Shelly
245 0 _aDiscovering Computers
260 _bWiley
_aNew York
_c2001
300 _a885
650 _aComputer
_vComputer
942 _cBK
999 _c15449
_d15449